Taylorism east and west

Αποθηκεύτηκε σε:
Λεπτομέρειες βιβλιογραφικής εγγραφής
Κύριος συγγραφέας: Κέπετζης, Νικόλαος Α.
Συγγραφή απο Οργανισμό/Αρχή: Πανεπιστήμιο Αιγαίου. Σχολή Επιστημών της Διοίκησης. Τμήμα Διοίκησης Επιχειρήσεων
Μορφή: Βιβλίο
Γλώσσα:Greek
Δημοσίευση: 1996
Θέματα:
Ετικέτες: Προσθήκη ετικέτας
Δεν υπάρχουν, Καταχωρήστε ετικέτα πρώτοι!

MARC

LEADER 00000cam a2200000 i 4500
001 1/44637
008 960227s1996 gre d
035 |l 10026004 
040 |a GR-MY-UA  |b gre  |e aacr 
041 0 |a gre 
082 0 |a 338.6  |2 (22) 
100 1 |a Κέπετζης, Νικόλαος Α. 
245 1 0 |a Taylorism east and west /  |c N. Kepetzis 
260 |c 1996 
300 |a 8 σ.;  |c 30 εκ. 
500 |a Εργασία για την εφαρμογή του Ταιυλορισμού στις πρώην χώρες του υπαρκτού σοσιαλισμού στα πλαίσια του μαθήματος " Θεωρία της οργάνωσης " 
500 |a Include bibliography 
600 1 0 |a Taylor, Frederick Winslow,   |d 1856-1915. 
610 2 0 |a Πανεπιστήμιο Αιγαίου. 
650 0 0 |a Industrial management  |z Soviet Union. 
650 0 0 |a Socialism  |x History. 
710 2 |a Πανεπιστήμιο Αιγαίου.   |b Σχολή Επιστημών της Διοίκησης.   |b Τμήμα Διοίκησης Επιχειρήσεων. 
852 |a INST  |b CHIOS  |c PERG  |e 19960227  |h 338.6 ΚΕΠ  |p 005200000850  |q 005200000850  |t PERG  |y 23 
901 |a BIBL2-2000-1 
909 |a Χ  |b 042597 
924 |a Κέπετζης  |b Νικόλαος Α.  |y Χίος  |z 1996-02 
970 |a ΠΟΥΛΑΚΗ  |b ΠΑΝΩΡΑΙΑ  |z 2004/03/22